000 00672nam a2200241Ia 4500
003 OSt
005 20220930071156.0
006 a|||||r|||| 00| 0
007 ta
008 220926b |||||||| |||| 00| 0 eng d
024 _a8067
037 _cTheses
040 _aCRL
_cCRL
_beng
041 _2eng
_aeng
100 _aWadhi Mridul
_9528074
110 _aUniversity of Delhi. Faculty of Science. Department of Botany
245 0 _aMorphogenetic studies on kalanchoe pinnata pers
260 _c1966
650 _aBOTANY
700 _aUniversity of Delhi. Faculty of Science. Department of Botany
942 _cDIS
_2CC
999 _c861954
_d861954